El Cardenal Cisneros gobernador del reino / (Record no. 93587)
[ view plain ]
| 000 -LEADER | |
|---|---|
| campo de control de longitud fija | 00626nam a2200169 i 4500 |
| 001 - NÚMERO DE CONTROL | |
| campo de control | 93587 |
| 003 - IDENTIFICADOR DE NÚMERO DE CONTROL | |
| campo de control | ES-MaACL |
| 005 - FECHA Y HORA DE LA ÚLTIMA TRANSACCIÓN | |
| campo de control | 20240218063022.0 |
| 007 - CAMPO FIJO DE DESCRIPCIÓN FÍSICA--INFORMACIÓN GENERAL | |
| campo de control de longitud fija | t| |
| 008 - DATOS DE LONGITUD FIJA--INFORMACIÓN GENERAL | |
| campo de control de longitud fija | 050414s1921 sp ||||1| spa d |
| 100 1# - ENTRADA PRINCIPAL--NOMBRE DE PERSONA | |
| Nombre de persona | Cedillo, Jerónimo López de Ayala y Álvarez de Toledo, |
| Títulos y otros términos asociados al nombre | Conde de, |
| Fechas asociadas al nombre | 1862-1934 |
| 9 (RLIN) | 37325 |
| 245 13 - MENCIÓN DEL TÍTULO | |
| Título | El Cardenal Cisneros gobernador del reino / |
| Mención de responsabilidad, etc. | Estudio histórico por el Excm. Sr. Jerónimo López de Ayala y Alvarez de Toledo, Conde de Cedillo. |
| 260 ## - PUBLICACIÓN, DISTRIBUCIÓN, ETC. | |
| Lugar de publicación, distribución, etc. | Madrid : |
| Nombre del editor, distribuidor, etc. | [s.n.], |
| Fecha de publicación, distribución, etc. | 1942 ( |
| Fabricante | Iberica) |
| 300 ## - DESCRIPCIÓN FÍSICA | |
| Extensión | 434 p. 5 lám. ; |
| Dimensiones | 23 cm. |
| 852 ## - LOCALIZACIÓN | |
| Ubicación | ES-MaACL |
| Número de control de estantería | F-6851 |
| Estatus retirado | Estado de pérdida | Estado de daño | No para préstamo | Biblioteca de origen | Biblioteca actual | Ubicación en estantería | Fecha de adquisición | Fuente de adquisición | Total de préstamos | Signatura topográfica completa | Código de barras | Visto por última vez | Precio de reemplazo | Tipo de ítem Koha |
|---|---|---|---|---|---|---|---|---|---|---|---|---|---|---|
| Biblioteca del Ateneo de Madrid | Biblioteca del Ateneo de Madrid | Depósito 2 | 17/01/2008 | F-6851 | 1097730 | 23/02/2023 | 23/02/2023 | Libro impreso |
